00502nam a22001457a 4500003000500000038001500005082001000020100002500030245011900055260003800174300003300212500001500245600003900260856005700299NUST aMr. Zahoor a621.3 aMuhammad Waqas Zafar aNon- Linear Controller Design For Tracking Blood-Glucose Level In Diabetes Type 1 Patients /cMuhammad Waqas Zafar aIslamabad :bSEECS - NUST,c2018. aviii, 36 p. : ill. ;c30 cm. aHardcover. aElectrical Engineering - MS Thesis uhttp://10.250.8.41:8080/xmlui/handle/123456789/21881